000
00289nam a2200133Ia 4500
100
_a
Wagholikaaar/K.S
942
_c
BK
654
_a
engineering
245
_a
Engineering Drawing
260
_b
Nirali prakashan
_a
Pune
_c
2001
082
_a
604.24
_b
WAG
300
_a
283
546
_a
ENGLISH
999
_c
29520
_d
29520